Fundamentos teóricos del conflicto social

Guardat en:
Dades bibliogràfiques
Autor principal: Lorenzo Cadarso, Pedro Luis (autor)
Format: Llibre
Idioma:espanyol
Publicat: Madrid Siglo Veintiuno 2001
Edició:1a. ed
Col·lecció:Sociología y Política
Matèries:
Etiquetes: Afegir etiqueta
Sense etiquetes, Sigues el primer a etiquetar aquest registre!

MARC

LEADER 00000cam a2200000 a 4500
001 UCE5744
003 CL-VaPUC
008 150305e20010900sp |||||||||||||||||spa|d
020 |a 8432310727 
082 0 4 |a 303.6  |b LOR  |2 21 
100 |a Lorenzo Cadarso, Pedro Luis  |e autor  |9 578408 
245 1 0 |a Fundamentos teóricos del conflicto social 
250 |a 1a. ed 
300 |a 272 p 
942 |c BK 
945 |d 20150305 12:52:00  |a arojas 
260 |a Madrid  |b Siglo Veintiuno  |c 2001 
650 0 |a Conflicto social  |9 255404 
650 0 |a Movimientos sociales  |9 315241 
583 |a last modification  |c 20150305 12:52:00  |k Rodrigo Vera 
490 0 |a Sociología y Política 
999 |c 358358  |d 358356 
952 |0 0  |1 0  |3 erb  |4 0  |6 303_600000000000000_LOR_2001  |7 0  |8 A  |9 466997  |a BIBGIM  |b BIBGIM  |i 5136806  |o 303.6 LOR 2001  |p 5136806  |r 2025-01-15  |w 2019-11-23  |y BK  |z Catalogado en:20150305  |k SSL